Personal finance (Record no. 360164)

MARC details
000 -LEADER
fixed length control field 00517 a2200217 4500
005 - DATE & TIME
control field 20250523102103.0
008 - FIXED-LENGTH DATA ELEMENTS--GENERAL INFORMATION
fixed length control field 250523b |||||||| |||| 00| 0 eng d
020 ## - ISBN
International Standard Book Number 9789353945930
Price Rs. 1030.00
040 ## - CATALOGING SOURCE
Original cataloging agency VIVEKANANDA LIBRARY
082 ## - DDC NUMBER
Classification number 332.024
Book Number M267P(7)
100 ## - MAIN ENTRY--PERSONAL NAME
Personal name Madura, Jeff
245 ## - TITLE STATEMENT
Title Personal finance
250 ## - EDITION STATEMENT
Edition statement 7th
260 ## - PUBLICATION, DISTRIBUTION, ETC. (IMPRINT)
Name of publisher, distributor, etc Pearson India
Place of publication, distribution, etc Noida
Date of publication, distribution, etc 2025
300 ## - PHYSICAL DESCRIPTION
Pages xliii, 595
650 ## - Subject
Subject Economics
650 ## - Subject
Subject Finance
650 ## - Subject
Subject Financial Planning
650 ## - Subject
Subject Banking
942 ## - ADDED ENTRY ELEMENTS (KOHA)
Koha item type Books
Holdings
Withdrawn status Lost status Source of classification or shelving scheme Damaged status Not for loan Location (home branch) Sublocation or collection (holding branch) Shelving location Date acquired Koha issues (times borrowed) Koha full call number Accession No. Koha date last seen Koha item type
    Dewey Decimal Classification     VIVEKANANDA LIBRARY VIVEKANANDA LIBRARY IMSAR Library 24/02/2025   332.024 M267P(7) 420799 24/02/2025 Books
© Designed and Maintained by Vivekananda Library, MDU Rohtak